תגי יחידות, סמלים, וסיכות בצה"ל 5 - Statistics

General Stats
  • This quiz has been taken 5 times
  • The average score is 10 of 16
Answer Stats
Picture Answer % Correct
יחידה 8200
100%
סיכת תקשוב
80%
סיכת לוחם יחידת שלדג
80%
גדנ"ע
80%
אוגדת איוש
60%
עוצבת קלע דוד (תותחנים)
60%
גדוד עיט (איסוף קרבי)
60%
סיכת חיל הטכנולוגיה והאחזקה
60%
סיכת מגלן
60%
סיכת יחידת עוקץ
60%
סיכת סיירת צנחנים
60%
סיכת אגוז
60%
סיכת דבורן
60%
סיכת 669
60%
בה"ד 7
60%
המרכז לשירותי רפואה (משר"פ)
40%
No matching quizzes found
Score Distribution
Percent of People with Each Score
Percentile by Number Answered
Your Score History
You have not taken this quiz